| 000 | 01688aam a2200313 i 4500 | ||
|---|---|---|---|
| 001 | 768714001 | ||
| 003 | CO-MdFUSB | ||
| 005 | 20250821171911.0 | ||
| 007 | ta | ||
| 008 | 250821t1990 -us |||| |||| 00| 0 spa d | ||
| 020 | _a0-311-46121-2 | ||
| 040 | _cCO-MdFUSB | ||
| 041 | 0 |
_aspa _heng |
|
| 082 | 0 | 4 |
_223 _a248.8421 _bS6421c |
| 240 | _aHow to Raise Christian Children in a Non-Christian World | ||
| 245 | 1 | 0 |
_aCómo formar hijos cristianos en un mundo no cristiano _c/ traducido por Josie de Smith |
| 264 | 1 |
_bMundo Hispano, _aEl Paso, TX., USA : _c[1990] |
|
| 264 | 4 | _c©1990 | |
| 300 | _a159 páginas | ||
| 336 |
_atexto _btxt _2rdacontent |
||
| 337 |
_2rdamedia _asin mediación _bn |
||
| 338 |
_2rdacarrier _avolumen _bnc |
||
| 505 | _a¿Qué puedo hacer ante el ataque de la sociedad sobre mi familia? -- ¿Cómo puedo ayudar a mi hijo a contender con los medios de comunicación masiva? -- ¿Cómo puedo ayudar a mi hijo con el tema del sexo y sus relaciones con el sexo opuesto?. -- ¿Cómo puedo ayudar a mi hijo a aprender a manejar el dinero? -- ¿Cómo puedo ayudar a mi hijo a lidiar con el alcohol, el tabaco y las drogas? -- ¿Cómo puedo ayudar a mi hijo a ver a Cristo en mi hogar? -- ¿Cómo puedo ayudar a mi hijo a superarse en la escuela? -- ¿Cómò puedo ayudar a mi hijo a llevarse bien con otros? -- ¿Cómo puedo ayudar a mi hijo a vivir para Cristo? -- ¿Cómo puedo ayudar a mi hijo a aprovechar mejor la iglesia? -- ¿Cómo puedo ayudar a mi hijo a ser firme en sus convicciones? | ||
| 563 | _aRústico | ||
| 650 | 7 |
_aEducación cristiana _9349 |
|
| 700 |
_aSmith, Josie H. de _95387 _etraductor |
||
| 942 | _cBK | ||
| 945 | _aJTF-925 | ||
| 999 |
_c36164 _d36164 |
||